[Event "ISR-chT"]
[Site "Israel"]
[Date "2025.01.18"]
[Round "4.3"]
[White "Dvoirys, Semen I"]
[Black "Manor, Ilan"]
[Result "1-0"]
[WhiteElo "2419"]
[BlackElo "2464"]
[PlyCount "87"]
[EventDate "2025.01.08"]
[EventType "team-tourn"]
[EventRounds "11"]
[EventCountry "ISR"]
[SourceTitle "CB08_2025"]
[SourceDate "2025.02.19"]
[SourceVersion "1"]
[SourceVersionDate "2025.02.19"]
[SourceQuality "1"]
[WhiteTeam "Beer Sheva II"]
[BlackTeam "Herzliya CC"]
[WhiteTeamCountry "ISR"]
[BlackTeamCountry "ISR"]

1. e4 c5 2. Nf3 Nc6 3. d4 cxd4 4. Nxd4 Nf6 5. Nc3 e5 6. Ndb5 d6 7. Bg5 a6 8. Na3 b5 9. Bxf6 gxf6 10. Nd5 f5 11. c3 Bg7 12. exf5 Bxf5 13. Nc2 0-0 14. a4 Ne7 15. Nce3 Be6 16. Be2 Nxd5 17. Nxd5 bxa4 18. Rxa4 a5 19. 0-0 Rb8 20. b4 axb4 21. cxb4 Kh8 22. b5 Qc8 23. Qd2 Qc5 24. Rd1 f5 25. Ra6 e4 26. Nf4 Bb3 27. Rc1 Qd4 28. Rxd6 Qxd2 29. Rxd2 Bh6 30. g3 Rg8 31. Kf1 Rg7 32. Rc3 Bf7 33. Rd6 Bxf4 34. gxf4 Rg6 35. Rdc6 Kg7 36. Rc8 Rb7 37. R8c7 Rbb6 38. R3c5 Rgf6 39. Bc4 Kf8 40. Rxf7+ Rxf7 41. Bxf7 Kxf7 42. Rxf5+ Kg6 43. Re5 Rd6 44. Rxe4 1-0

[Event "ISR-chT"]
[Site "Israel"]
[Date "2025.01.17"]
[Round "3.3"]
[White "Manor, Ilan"]
[Black "Gorodetzky, David"]
[Result "1/2-1/2"]
[WhiteElo "2464"]
[BlackElo "2484"]
[PlyCount "130"]
[EventDate "2025.01.08"]
[EventType "team-tourn"]
[EventRounds "11"]
[EventCountry "ISR"]
[SourceTitle "CB08_2025"]
[SourceDate "2025.02.19"]
[SourceVersion "1"]
[SourceVersionDate "2025.02.19"]
[SourceQuality "1"]
[WhiteTeam "Herzliya CC"]
[BlackTeam "Ramat Gan Etude II"]
[WhiteTeamCountry "ISR"]
[BlackTeamCountry "ISR"]

1. Nf3 d5 2. c4 e6 3. g3 Nf6 4. Bg2 dxc4 5. Qa4+ Nbd7 6. Qxc4 a6 7. Qc2 c5 8. 0-0 b6 9. b4 Bb7 10. bxc5 Rc8 11. Nc3 Bxc5 12. Qb3 b5 13. Rb1 b4 14. Nd1 Bd5 15. Qa4 0-0 16. d3 a5 17. Ne1 Ba7 18. Bxd5 Nxd5 19. a3 Nc5 20. Qb5 b3 21. e4 Nf6 22. Be3 Ng4 23. Bxc5 Rxc5 24. Qxb3 Qd6 25. Nf3 Rb8 26. Qa2 Qxd3 27. Rxb8+ Bxb8 28. Qd2 Qxd2 29. Nxd2 Rc2 30. Nb3 a4 31. Nd4 Rc4 32. Nb5 h5 33. f3 Ne5 34. Kg2 Nd3 35. Ne3 Rc5 36. Rb1 Be5 37. Rd1 Nb2 38. Rd8+ Kh7 39. Nd6 Bxd6 40. Rxd6 Rc3 41. Nd1 Nxd1 42. Rxd1 Rxa3 43. Rd7 Ra2+ 44. Kh3 Kg6 45. Ra7 a3 46. Ra5 Ra1 47. Kh4 f6 48. Ra6 a2 49. f4 Kh6 50. Kh3 g6 51. f5 e5 52. fxg6 Kxg6 53. Kh4 Re1 54. Rxa2 Rxe4+ 55. Kh3 Rc4 56. Ra8 Rc7 57. Re8 Rh7 58. Kh4 Kf5 59. Ra8 Re7 60. Rh8 e4 61. Rxh5+ Kg6 62. Ra5 e3 63. Ra1 Kf5 64. Kh3 Rd7 65. Kg2 Rd2+ 1/2-1/2

[Event "ISR-chT"]
[Site "Israel"]
[Date "2025.01.08"]
[Round "1.3"]
[White "Manor, Ilan"]
[Black "Zlatin, Alexander"]
[Result "1-0"]
[WhiteElo "2464"]
[BlackElo "2325"]
[PlyCount "59"]
[EventDate "2025.01.08"]
[EventType "team-tourn"]
[EventRounds "11"]
[EventCountry "ISR"]
[SourceTitle "CB08_2025"]
[SourceDate "2025.02.19"]
[SourceVersion "1"]
[SourceVersionDate "2025.02.19"]
[SourceQuality "1"]
[WhiteTeam "Herzliya CC"]
[BlackTeam "Netanya"]
[WhiteTeamCountry "ISR"]
[BlackTeamCountry "ISR"]

1. d4 Nf6 2. c4 e6 3. g3 Bb4+ 4. Nc3 0-0 5. Bg2 Nc6 6. Nf3 Ne4 7. 0-0 Bxc3 8. bxc3 f5 9. Qd3 d6 10. Ba3 Qf6 11. c5 dxc5 12. Nd2 Nxd2 13. Qxd2 Rd8 14. Bxc5 e5 15. Rad1 e4 16. f3 b6 17. Ba3 exf3 18. Bxf3 Ba6 19. e4 Na5 20. e5 Qe6 21. d5 Qxe5 22. Rfe1 Qf6 23. Be7 Qf7 24. Bxd8 Rxd8 25. d6 Bb7 26. Qg5 Qf8 27. d7 Qc5+ 28. Re3 Nc6 29. Bxc6 Rf8 30. d8Q 1-0

[Event "ISR-chT"]
[Site "Israel"]
[Date "2024.03.08"]
[Round "11.21"]
[White "Manor, Ilan"]
[Black "Bronstein, Or"]
[Result "1/2-1/2"]
[WhiteElo "2457"]
[BlackElo "2443"]
[PlyCount "144"]
[EventDate "2024.01.10"]
[EventType "team-tourn"]
[EventRounds "11"]
[EventCountry "ISR"]
[SourceTitle "CBM 218 Extra"]
[Source "ChessBase"]
[SourceDate "2024.03.31"]
[SourceVersion "1"]
[SourceVersionDate "2024.03.31"]
[SourceQuality "1"]
[WhiteTeam "Herzliya CC"]
[BlackTeam "Rishon Le Zion"]
[WhiteTeamCountry "ISR"]
[BlackTeamCountry "ISR"]

1. Nf3 d5 2. c4 e6 3. g3 Nf6 4. Bg2 d4 5. b4 Bxb4 6. Qa4+ Nc6 7. Ne5 Rb8 8. Nxc6 bxc6 9. Qxa7 Rb6 10. Qa4 0-0 11. 0-0 e5 12. d3 h6 13. a3 Bc5 14. Nd2 Bg4 15. Nb3 Be7 16. c5 Rb8 17. Re1 Ra8 18. Qxc6 Ra7 19. Qb5 Qb8 20. Qb4 Ra6 21. Na5 Bd7 22. Qxb8 Rxb8 23. Nc4 Bxc5 24. Nxe5 Ba4 25. Bd2 Re8 26. Nc4 Bb3 27. Na5 Bd5 28. a4 Bb6 29. Bxd5 Bxa5 30. Bb7 Ra7 31. Bxa5 Rxb7 32. Rac1 Ra7 33. Rc5 Nd7 34. Rxc7 Rea8 35. Rec1 Rxc7 36. Rxc7 Rxa5 37. Rxd7 Rxa4 38. Kg2 g6 39. Kf3 Kg7 40. h4 h5 41. Re7 Ra8 42. Rd7 Ra4 43. Kf4 Kf6 44. Rd6+ Ke7 45. Rd5 Kf6 46. Rd6+ Ke7 47. Rc6 Ra2 48. Kf3 Ra5 49. e3 Rf5+ 50. Ke2 dxe3 51. fxe3 Ra5 52. d4 Ra1 53. Rc3 Kd6 54. Rc5 Rg1 55. Kf2 Ra1 56. Rb5 Kc6 57. Rg5 Kd6 58. Re5 Kd7 59. Rg5 Kd6 60. Kf3 Rf1+ 61. Ke4 Rg1 62. Kd3 Rd1+ 63. Kc2 Rf1 64. g4 hxg4 65. Rxg4 Rh1 66. Kd3 Rh2 67. e4 Rh1 68. Ke3 Ke6 69. Kf4 Rf1+ 70. Kg5 f5 71. exf5+ gxf5 72. Rg2 f4 1/2-1/2

[Event "ISR-chT"]
[Site "Israel"]
[Date "2024.03.02"]
[Round "10.15"]
[White "Ben Ari, Yannay"]
[Black "Manor, Ilan"]
[Result "0-1"]
[WhiteElo "2437"]
[BlackElo "2457"]
[PlyCount "112"]
[EventDate "2024.01.10"]
[EventType "team-tourn"]
[EventRounds "11"]
[EventCountry "ISR"]
[SourceTitle "CBM 218 Extra"]
[Source "ChessBase"]
[SourceDate "2024.03.31"]
[SourceVersion "1"]
[SourceVersionDate "2024.03.31"]
[SourceQuality "1"]
[WhiteTeam "Ramat Gan Etiod"]
[BlackTeam "Herzliya CC"]
[WhiteTeamCountry "ISR"]
[BlackTeamCountry "ISR"]

1. Nf3 d5 2. g3 g6 3. Bg2 Bg7 4. d4 Nf6 5. c4 0-0 6. cxd5 Nxd5 7. 0-0 Nb6 8. Nc3 Nc6 9. e3 Re8 10. h3 e5 11. d5 Na5 12. e4 c6 13. Bg5 f6 14. Be3 cxd5 15. Bxb6 axb6 16. Nxd5 Be6 17. Rc1 Nc6 18. b4 f5 19. b5 fxe4 20. bxc6 bxc6 21. Nxb6 exf3 22. Qxf3 e4 23. Qxe4 Bf7 24. Qb4 Bf8 25. Qb1 Rb8 26. Rxc6 Re6 27. Rxe6 Bxe6 28. Qe4 Qxb6 29. a4 Bf7 30. h4 Qa7 31. Qc6 Rb6 32. Qc2 Rb4 33. Ra1 Qa5 34. Bf3 Rd4 35. Rd1 Rxa4 36. Qc8 Qc5 37. Qxc5 Bxc5 38. Rd8+ Kg7 39. Rd7 Kf6 40. Bd5 Bxd5 41. Rxd5 Rc4 42. Rd2 Bd4 43. Kg2 Kf5 44. Kf3 Rb4 45. Kg2 h6 46. Rd3 Ke4 47. Rf3 Rb6 48. Rf4+ Ke5 49. Kh3 Rb2 50. Kg2 g5 51. hxg5 hxg5 52. Rf8 Ke4 53. Rf3 Re2 54. Rf8 Kd3 55. Rf3+ Kd2 56. Kf1 Rxf2+ 0-1

[Event "ISR-chT"]
[Site "Israel"]
[Date "2024.02.09"]
[Round "5.33"]
[White "Manor, Ilan"]
[Black "Yaniv, Yuval"]
[Result "1-0"]
[WhiteElo "2457"]
[BlackElo "2384"]
[PlyCount "75"]
[EventDate "2024.01.10"]
[EventType "team-tourn"]
[EventRounds "11"]
[EventCountry "ISR"]
[SourceTitle "CBM 218 Extra"]
[Source "ChessBase"]
[SourceDate "2024.03.31"]
[SourceVersion "1"]
[SourceVersionDate "2024.03.31"]
[SourceQuality "1"]
[WhiteTeam "Herzliya CC"]
[BlackTeam "Rishon Le iZion II"]
[WhiteTeamCountry "ISR"]
[BlackTeamCountry "ISR"]

1. d4 Nf6 2. Nf3 g6 3. Bf4 Bg7 4. e3 0-0 5. h3 d6 6. Be2 Nc6 7. 0-0 e5 8. dxe5 Ne4 9. c3 dxe5 10. Bh2 Qe7 11. Nbd2 Nxd2 12. Nxd2 Rd8 13. Qc2 Bf5 14. Ne4 Bxe4 15. Qxe4 Rd2 16. Ba6 Na5 17. Bxb7 f5 18. Qa4 Nxb7 19. Qb3+ Qf7 20. Qxb7 Rad8 21. Qxa7 Rxb2 22. Qc5 Rd5 23. Qc6 Rdd2 24. a4 Rb6 25. Qa8+ Qf8 26. Qa7 Qd6 27. a5 Ra6 28. Qb8+ Bf8 29. c4 h5 30. Qb5 c5 31. Bxe5 Qxe5 32. Qxa6 Bd6 33. Qa8+ Kh7 34. Qb7+ Kg8 35. f4 Qxe3+ 36. Kh1 g5 37. a6 g4 38. a7 1-0

[Event "ISR-chT"]
[Site "Israel"]
[Date "2023.01.20"]
[Round "3.6"]
[White "Dardha, Daniel"]
[Black "Manor, Ilan"]
[Result "1-0"]
[WhiteElo "2613"]
[BlackElo "2464"]
[PlyCount "69"]
[EventDate "2023.01.11"]
[EventType "team-tourn"]
[EventRounds "11"]
[EventCountry "ISR"]
[SourceTitle "CBM 212 Extra"]
[Source "ChessBase"]
[SourceDate "2023.03.31"]
[SourceVersion "1"]
[SourceVersionDate "2023.03.31"]
[SourceQuality "1"]
[WhiteTeam "Ramat Gan Etude"]
[BlackTeam "Petah Tikva"]
[WhiteTeamCountry "ISR"]
[BlackTeamCountry "ISR"]

1. Nf3 g6 2. c4 Bg7 3. Nc3 c5 4. g3 Nc6 5. Bg2 e5 6. a3 a5 7. 0-0 Nge7 8. Ne1 0-0 9. Nc2 d6 10. d3 h6 11. Rb1 a4 12. Ne3 Nd4 13. Ned5 Nxd5 14. Bxd5 Bh3 15. Re1 Qd7 16. Ne4 Kh8 17. Nd2 f5 18. e3 Nc6 19. b3 Rae8 20. bxa4 e4 21. Bb2 Bxb2 22. Rxb2 Qg7 23. Qa1 Re7 24. Rb6 Ne5 25. Rxd6 Nxd3 26. Rxg6 Qxa1 27. Rxa1 Kh7 28. Rb6 Ra8 29. Rxb7 Rxb7 30. Bxb7 Rxa4 31. Nxe4 Rxc4 32. Ba6 Rxe4 33. Bxd3 Ra4 34. Bb5 Ra5 35. a4 1-0

[Event "ISR-chT"]
[Site "Israel"]
[Date "2022.04.29"]
[Round "11.1"]
[White "Manor, Ilan"]
[Black "Zanan, Evgeny"]
[Result "1/2-1/2"]
[WhiteElo "2459"]
[BlackElo "2528"]
[PlyCount "41"]
[EventDate "2022.01.14"]
[EventType "team-tourn"]
[EventRounds "11"]
[EventCountry "ISR"]
[SourceTitle "EXT 2023"]
[Source "ChessBase"]
[SourceDate "2022.10.05"]
[SourceVersion "1"]
[SourceVersionDate "2022.10.05"]
[SourceQuality "1"]
[WhiteTeam "Petah Tikva"]
[BlackTeam "Rishon Le Zion"]
[WhiteTeamCountry "ISR"]
[BlackTeamCountry "ISR"]

1. d4 Nf6 2. c4 g6 3. g3 Bg7 4. Bg2 c5 5. Nf3 0-0 6. 0-0 cxd4 7. Qxd4 Nc6 8. Qh4 d6 9. Nc3 h5 10. Bg5 Nh7 11. Be3 Bf6 12. Qf4 Bf5 13. c5 d5 14. Rad1 e5 15. Qa4 d4 16. Bh6 Re8 17. e3 a6 18. Qb3 Be6 19. Qa3 Bf5 20. Qb3 Be6 21. Qa3 1/2-1/2

[Event "ISR-chT"]
[Site "Israel"]
[Date "2022.02.12"]
[Round "6.4"]
[White "Manor, Ilan"]
[Black "Globus, Or"]
[Result "1/2-1/2"]
[WhiteElo "2459"]
[BlackElo "2425"]
[PlyCount "74"]
[EventDate "2022.01.14"]
[EventType "team-tourn"]
[EventRounds "11"]
[EventCountry "ISR"]
[SourceTitle "EXT 2023"]
[Source "ChessBase"]
[SourceDate "2022.10.05"]
[SourceVersion "1"]
[SourceVersionDate "2022.10.05"]
[SourceQuality "1"]
[WhiteTeam "Petah Tikva"]
[BlackTeam "Ramat Gan Etude"]
[WhiteTeamCountry "ISR"]
[BlackTeamCountry "ISR"]

1. d4 Nf6 2. c4 g6 3. g3 d5 4. cxd5 Nxd5 5. Bg2 Bg7 6. Nf3 0-0 7. 0-0 Nc6 8. e4 Nb6 9. d5 Na5 10. Qe1 Nac4 11. Nc3 e6 12. b3 exd5 13. bxc4 dxe4 14. Nxe4 Bxa1 15. Bg5 f6 16. Bh6 Re8 17. Qxa1 Rxe4 18. Rd1 Qe7 19. c5 Na4 20. Ng5 Re5 21. f4 Be6 22. c6 bxc6 23. fxe5 fxg5 24. Qd4 Qc5 25. Qxc5 Nxc5 26. Rc1 Rb8 27. Rxc5 Rb1+ 28. Kf2 Rb2+ 29. Ke3 Rxg2 30. Rxc6 Rxh2 31. Bxg5 Bxa2 32. Rxc7 Rg2 33. Bh6 Rxg3+ 34. Kf4 Rh3 35. Rg7+ Kf8 36. Rxg6+ Ke8 37. Rd6 Rh1 1/2-1/2

[Event "ISR-chT"]
[Site "Israel"]
[Date "2020.02.15"]
[Round "8.6"]
[White "Smirin, Ilia"]
[Black "Manor, Ilan"]
[Result "1/2-1/2"]
[WhiteElo "2607"]
[BlackElo "2457"]
[PlyCount "36"]
[EventDate "2020.01.10"]
[EventType "team-tourn"]
[EventRounds "11"]
[EventCountry "ISR"]
[SourceTitle "CBM 194 Extra"]
[Source "ChessBase"]
[SourceDate "2020.03.31"]
[SourceVersion "1"]
[SourceVersionDate "2020.03.31"]
[SourceQuality "1"]
[WhiteTeam "Ashdod Elite"]
[BlackTeam "Petah Tikva Hapoel"]
[WhiteTeamCountry "ISR"]
[BlackTeamCountry "ISR"]

1. e4 c5 2. Nf3 e6 3. d4 cxd4 4. Nxd4 Nc6 5. Nc3 Qc7 6. g3 a6 7. Bg2 Nf6 8. 0-0 Nxd4 9. Qxd4 Bc5 10. Bf4 d6 11. Qd2 h6 12. Rad1 e5 13. Be3 Bg4 14. Bxc5 dxc5 15. f3 Be6 16. f4 0-0 17. Nd5 Bxd5 18. exd5 e4 1/2-1/2

[Event "ISR-chT"]
[Site "Israel"]
[Date "2020.01.11"]
[Round "2.5"]
[White "Manor, Ilan"]
[Black "Parkhov, Yair"]
[Result "0-1"]
[WhiteElo "2457"]
[BlackElo "2370"]
[PlyCount "84"]
[EventDate "2020.01.10"]
[EventType "team-tourn"]
[EventRounds "11"]
[EventCountry "ISR"]
[SourceTitle "CBM 194 Extra"]
[Source "ChessBase"]
[SourceDate "2020.03.31"]
[SourceVersion "1"]
[SourceVersionDate "2020.03.31"]
[SourceQuality "1"]
[WhiteTeam "Petah Tikva Hapoel"]
[BlackTeam "Tsafrir Rehovot"]
[WhiteTeamCountry "ISR"]
[BlackTeamCountry "ISR"]

1. Nf3 g6 2. e4 Bg7 3. d4 d6 4. Bc4 Nf6 5. Qe2 0-0 6. h3 d5 7. exd5 Nxd5 8. 0-0 Nc6 9. c3 Bf5 10. Re1 Qd6 11. Nbd2 Nf4 12. Qf1 e5 13. dxe5 Bxe5 14. Nxe5 Nxe5 15. Ne4 Nxh3+ 16. Kh1 Qe7 17. Ng3 Nxf2+ 18. Qxf2 Qh4+ 19. Kg1 Nxc4 20. Nxf5 Qxf2+ 21. Kxf2 gxf5 22. Re7 Rfe8 23. Rxc7 Re4 24. Rxb7 Rae8 25. Bh6 Ne5 26. Bg5 h6 27. Bd2 Ng4+ 28. Kf1 Re2 29. Re1 Rf2+ 30. Kg1 Rd8 31. Be3 Re2 32. Kf1 Rxe3 33. Rxe3 Nxe3+ 34. Ke2 Nxg2 35. Rxa7 Nf4+ 36. Ke3 Ne6 37. a4 f4+ 38. Ke4 Rd2 39. Ra8+ Kg7 40. b4 Re2+ 41. Kf3 Re3+ 42. Kf2 Ng5 0-1

[Event "ISR-chT"]
[Site "Israel"]
[Date "2019.02.23"]
[Round "8.6"]
[White "Bar, Roman"]
[Black "Manor, Ilan"]
[Result "1-0"]
[WhiteElo "2484"]
[BlackElo "2472"]
[PlyCount "73"]
[EventDate "2019.01.04"]
[EventType "team-tourn"]
[EventRounds "11"]
[EventCountry "ISR"]
[SourceTitle "CBM 189 Extra"]
[Source "ChessBase"]
[SourceDate "2019.05.31"]
[SourceVersion "1"]
[SourceVersionDate "2019.05.31"]
[SourceQuality "1"]
[WhiteTeam "Ashdod Elite"]
[BlackTeam "Petah Tikva Hapoel"]
[WhiteTeamCountry "ISR"]
[BlackTeamCountry "ISR"]

1. e4 c5 2. Nf3 Nc6 3. Bb5 g6 4. Bxc6 bxc6 5. 0-0 Bg7 6. Re1 Nf6 7. e5 Nd5 8. c4 Nc7 9. d4 cxd4 10. Qxd4 d5 11. Nc3 Ne6 12. Qh4 d4 13. Ne4 h6 14. Qg3 c5 15. h4 Bb7 16. Bd2 Qb6 17. b3 a5 18. Rab1 a4 19. b4 cxb4 20. Rxb4 Qc6 21. Nf6+ exf6 22. Nxd4 Qd7 23. exf6 Bxf6 24. Rxe6+ fxe6 25. Qxg6+ Ke7 26. Rxb7 Qxb7 27. Bb4+ Kd7 28. Qf7+ Kc8 29. Qxe6+ Qd7 30. Qxf6 Re8 31. c5 Re4 32. Qf8+ Qe8 33. Qf5+ Kc7 34. Qf6 Rd8 35. Ba5+ Kb7 36. Qb6+ Kc8 37. Qc7# 1-0

[Event "ISR-chT"]
[Site "Israel"]
[Date "2019.02.15"]
[Round "5.5"]
[White "Huzman, Alexander"]
[Black "Manor, Ilan"]
[Result "1/2-1/2"]
[WhiteElo "2580"]
[BlackElo "2472"]
[PlyCount "93"]
[EventDate "2019.01.04"]
[EventType "team-tourn"]
[EventRounds "11"]
[EventCountry "ISR"]
[SourceTitle "CBM 188 Extra"]
[Source "ChessBase"]
[SourceDate "2019.02.28"]
[SourceVersion "1"]
[SourceVersionDate "2019.02.28"]
[SourceQuality "1"]
[WhiteTeam "Beer Sheva Alef Levant"]
[BlackTeam "Petah Tikva Hapoel"]
[WhiteTeamCountry "ISR"]
[BlackTeamCountry "ISR"]

1. Nf3 g6 2. d4 Bg7 3. e4 c6 4. Nc3 d5 5. h3 Nh6 6. Bf4 f6 7. exd5 cxd5 8. Nb5 Na6 9. c4 Nf7 10. cxd5 Qxd5 11. Nc3 Qe6+ 12. Be2 0-0 13. 0-0 Qb6 14. a3 Bf5 15. Nd5 Qd8 16. Qb3 e5 17. Qxb7 Rb8 18. Qxa6 exf4 19. Nxf4 Ng5 20. b4 Nxf3+ 21. Bxf3 Qxd4 22. Ne6 Bxe6 23. Qxe6+ Kh8 24. Rfd1 Qb2 25. Qa6 Rf7 26. Rab1 Qe5 27. Rd5 Qf4 28. Rbd1 f5 29. Qe6 Qc7 30. g3 Rbf8 31. Kg2 Qc4 32. Qd6 g5 33. Rc5 Qb3 34. Rd3 Qb2 35. Rc4 Qb1 36. Qd5 Re7 37. Rd1 Qb2 38. Qd6 Ref7 39. Bd5 Rf6 40. Qd7 f4 41. Rc7 Rg6 42. g4 f3+ 43. Kg1 Rh6 44. Rc8 Rxh3 45. Qe6 Rg3+ 46. Kh1 Rh3+ 47. Kg1 1/2-1/2

[Event "ISR-chT"]
[Site "Israel"]
[Date "2019.01.05"]
[Round "2.2"]
[White "Flom, Gabriel"]
[Black "Manor, Ilan"]
[Result "1-0"]
[WhiteElo "2467"]
[BlackElo "2472"]
[PlyCount "30"]
[EventDate "2019.01.04"]
[EventType "team-tourn"]
[EventRounds "11"]
[EventCountry "ISR"]
[SourceTitle "CBM 188 Extra"]
[Source "ChessBase"]
[SourceDate "2019.02.28"]
[SourceVersion "1"]
[SourceVersionDate "2019.02.28"]
[SourceQuality "1"]
[WhiteTeam "Petah Tikva Elitzur Dov"]
[BlackTeam "Petah Tikva Hapoel"]
[WhiteTeamCountry "ISR"]
[BlackTeamCountry "ISR"]

1. d4 Nf6 2. c4 e6 3. Nc3 Bb4 4. e3 b6 5. Bd3 Bb7 6. Nf3 0-0 7. 0-0 d5 8. cxd5 exd5 9. a3 Bd6 10. b4 Nbd7 11. Qb3 c6 12. e4 dxe4 13. Nxe4 Be7 14. Ne5 h6 15. Bb2 Nd5 1-0

[Event "ISR-chT"]
[Site "Israel"]
[Date "2018.03.02"]
[Round "11.2"]
[White "Postny, Evgeny"]
[Black "Manor, Ilan"]
[Result "0-1"]
[WhiteElo "2574"]
[BlackElo "2453"]
[PlyCount "136"]
[EventDate "2018.01.05"]
[EventType "team-tourn"]
[EventRounds "11"]
[EventCountry "ISR"]
[SourceTitle "EXT 2019"]
[Source "ChessBase"]
[SourceDate "2018.10.10"]
[SourceVersion "1"]
[SourceVersionDate "2018.10.10"]
[SourceQuality "1"]
[WhiteTeam "Beer Sheva"]
[BlackTeam "Petah Tikva Hapoel"]
[WhiteTeamCountry "ISR"]
[BlackTeamCountry "ISR"]

1. d4 e6 2. c4 d5 3. Nf3 c5 4. cxd5 exd5 5. g3 Nc6 6. Bg2 Nf6 7. 0-0 Be7 8. dxc5 0-0 9. a3 Bxc5 10. b4 Bb6 11. Nc3 h6 12. Bb2 a6 13. Rc1 Re8 14. Qd3 Ba7 15. e3 Bg4 16. Ne2 Bxf3 17. Bxf3 Ne5 18. Bxe5 Rxe5 19. Rfd1 Qe7 20. Nf4 Rd8 21. Qb3 d4 22. exd4 Bxd4 23. Ng6 Qe6 24. Qxe6 Rxe6 25. Nh4 g6 26. Bxb7 Re2 27. Nf3 Bxf2+ 28. Kf1 Rde8 29. Rc8 Ba7 30. Rxe8+ Rxe8 31. Bxa6 Ng4 32. Rd7 Re3 33. Kg2 Bb6 34. Rd6 Bc7 35. Rd3 Re6 36. Bc8 Re2+ 37. Kf1 Rf2+ 38. Ke1 f5 39. Be6+ Kf8 40. Rc3 Bb6 41. h3 Nf6 42. Ne5 Ne4 43. Nd7+ Ke7 44. Nxb6 Kxe6 45. a4 Ra2 46. Rd3 Ra1+ 47. Ke2 Ra2+ 48. Ke1 Ra1+ 49. Ke2 Ra2+ 50. Kf3 Rf2+ 51. Ke3 Rb2 52. b5 Nxg3 53. Kd4 Ne4 54. Kc4 f4 55. Nd5 Ke5 56. b6 f3 57. Nb4 f2 58. Rd1 Nd2+ 59. Kc5 Ne4+ 60. Kc4 Nd2+ 61. Kb5 Kd6 62. a5 f1Q+ 63. Rxf1 Nxf1 64. a6 Ne3 65. a7 Nd5 66. b7 Rxb4+ 67. Ka5 Rxb7 68. a8Q Rb5+ 0-1

[Event "ISR-chT"]
[Site "Israel"]
[Date "2018.02.16"]
[Round "7.1"]
[White "Manor, Ilan"]
[Black "Bar, Roman"]
[Result "0-1"]
[WhiteElo "2453"]
[BlackElo "2485"]
[PlyCount "64"]
[EventDate "2018.01.05"]
[EventType "team-tourn"]
[EventRounds "11"]
[EventCountry "ISR"]
[SourceTitle "CBM 182 Extra"]
[Source "ChessBase"]
[SourceDate "2018.02.23"]
[SourceVersion "1"]
[SourceVersionDate "2018.02.23"]
[SourceQuality "1"]
[WhiteTeam "Petah Tikva Hapoel"]
[BlackTeam "Ashdod Elite"]
[WhiteTeamCountry "ISR"]
[BlackTeamCountry "ISR"]

1. g3 e5 2. c4 Nc6 3. Bg2 g6 4. Nc3 Bg7 5. Rb1 a5 6. a3 Nf6 7. b4 axb4 8. axb4 0-0 9. b5 Nd4 10. e3 Re8 11. d3 Ne6 12. Nge2 c6 13. 0-0 d5 14. bxc6 bxc6 15. cxd5 cxd5 16. f4 exf4 17. gxf4 Ba6 18. f5 Nc5 19. Nb5 Rb8 20. Ba3 Qe7 21. Rf3 Bxb5 22. Rc1 Nfd7 23. Nf4 Ba4 24. Qf1 d4 25. f6 Qxf6 26. Nh5 Qe5 27. Nxg7 Kxg7 28. Rxf7+ Kg8 29. Bxc5 Nxc5 30. Rxc5 Qxc5 31. Qf6 Qc1+ 32. Bf1 Qxe3+ 0-1

[Event "ISR-chT"]
[Site "Israel"]
[Date "2015.03.20"]
[Round "7.5"]
[White "Gruenfeld, Yehuda"]
[Black "Manor, Ilan"]
[Result "1-0"]
[WhiteElo "2440"]
[BlackElo "2479"]
[PlyCount "104"]
[EventDate "2015.01.09"]
[EventType "team-tourn"]
[EventRounds "11"]
[EventCountry "ISR"]
[SourceTitle "EXT 2016"]
[Source "ChessBase"]
[SourceDate "2015.10.08"]
[SourceVersion "1"]
[SourceVersionDate "2015.10.08"]
[SourceQuality "1"]
[WhiteTeam "Ashdod Illit"]
[BlackTeam "Herzliya"]
[WhiteTeamCountry "ISR"]
[BlackTeamCountry "ISR"]

1. e4 c5 2. Nf3 e6 3. d4 cxd4 4. Nxd4 Nc6 5. Nc3 Qc7 6. Be2 a6 7. 0-0 Nf6 8. Be3 Bb4 9. Na4 Be7 10. Nxc6 bxc6 11. Nb6 Rb8 12. Nxc8 Qxc8 13. Bd4 c5 14. Be5 Rb6 15. b3 0-0 16. Bd3 d6 17. Bb2 Qc7 18. Qe2 a5 19. f4 Nd7 20. e5 g6 21. Kh1 a4 22. Bc3 c4 23. bxc4 Rc6 24. Rab1 dxe5 25. fxe5 Bg5 26. Rb5 Bh6 27. Ba5 Qa7 28. Bb4 Nc5 29. Qf2 Rfc8 30. Be4 Bf8 31. Bxc6 Rxc6 32. Rd1 Qc7 33. Qd4 Be7 34. Bxc5 Bxc5 35. Qd8+ Qxd8 36. Rxd8+ Kg7 37. Rb7 Be3 38. Rdd7 Rxc4 39. Rxf7+ Kh6 40. Rxh7+ Kg5 41. Rbc7 Re4 42. g3 Bd4 43. Rh4 Re1+ 44. Kg2 Bxe5 45. Rcc4 Kf5 46. Kf3 a3 47. Rhe4 Rf1+ 48. Kg2 Ra1 49. Re2 Bb2 50. Rf4+ Kg5 51. h4+ Kh6 52. Rf1 Rxa2 1-0

[Event "ISR-chT 13"]
[Site "Israel"]
[Date "2013.02.08"]
[Round "11.3"]
[White "Kudischewitsch, David"]
[Black "Manor, Ilan"]
[Result "0-1"]
[WhiteElo "2348"]
[BlackElo "2476"]
[PlyCount "68"]
[EventDate "2012.12.21"]
[EventType "team"]
[EventRounds "11"]
[EventCountry "ISR"]
[SourceTitle "EXT 2014"]
[Source "ChessBase"]
[SourceDate "2013.11.20"]
[SourceVersion "1"]
[SourceVersionDate "2013.11.20"]
[SourceQuality "1"]

1. d4 Nf6 2. c4 e6 3. Nc3 Bb4 4. e3 b6 5. Nge2 Ba6 6. a3 Bxc3+ 7. Nxc3 d5 8. b4 Bxc4 9. Bxc4 dxc4 10. Qe2 c5 11. dxc5 bxc5 12. Qxc4 Nbd7 13. 0-0 0-0 14. Rd1 Qe7 15. Bd2 Rfc8 16. b5 Ne5 17. Qh4 Qb7 18. Qg3 Nd3 19. e4 c4 20. Bh6 Ne8 21. a4 a6 22. Rab1 axb5 23. Rxb5 Qe7 24. Ra1 Qf6 25. Bd2 Nc5 26. Ra2 Nb3 27. Bf4 Rd8 28. Be5 Qe7 29. f3 Rd3 30. Rc2 f6 31. Bf4 Nd4 32. Qf2 Nxb5 33. axb5 Ra1+ 34. Bc1 Qb4 0-1

[Event "ISR-chT 13"]
[Site "Israel"]
[Date "2013.02.01"]
[Round "9.3"]
[White "Manor, Ilan"]
[Black "Steinberg, Nitzan"]
[Result "1-0"]
[WhiteElo "2476"]
[BlackElo "2390"]
[PlyCount "79"]
[EventDate "2012.12.21"]
[EventType "team"]
[EventRounds "11"]
[EventCountry "ISR"]
[SourceTitle "EXT 2014"]
[Source "ChessBase"]
[SourceDate "2013.11.20"]
[SourceVersion "1"]
[SourceVersionDate "2013.11.20"]
[SourceQuality "1"]

1. e4 c5 2. Nf3 d6 3. c3 Nf6 4. Be2 g6 5. 0-0 Bg7 6. Re1 0-0 7. Bf1 Nc6 8. h3 e5 9. Na3 d5 10. exd5 Nxd5 11. Nc4 Re8 12. d3 b5 13. Ncd2 f5 14. Nb3 Qd6 15. c4 Nc7 16. cxb5 Nxb5 17. Be3 Nbd4 18. Rc1 Rb8 19. Nxc5 Rxb2 20. Nxd4 Nxd4 21. Qa4 Rd8 22. Qa3 e4 23. Kh1 Kh8 24. dxe4 Nc2 25. e5 Bxe5 26. Bf4 Nxa3 27. Bxe5+ Qxe5 28. Rxe5 Rxf2 29. Be2 Rf4 30. Re3 Rd2 31. Rxa3 Rxe2 32. Nd3 Rd4 33. Rxc8+ Kg7 34. Rxa7+ Kh6 35. Rc3 Re3 36. Raa3 f4 37. Kg1 Re2 38. Rc1 Re3 39. Rcc3 Re2 40. Kf1 1-0